书目信息 |
| 题名: |
粮油加工学
|
|
| 作者: | 李新华 , 董海洲 主编 | |
| 分册: | ||
| 出版信息: | 北京 中国农业大学出版社 2016.10 |
|
| 页数: | 313页 | |
| 开本: | 20cm | |
| 丛书名: | ||
| 单 册: | ||
| 中图分类: | TS210.4 | |
| 科图分类: | ||
| 主题词: | 粮食加工--食品工业 , 粮食加工 | |
| 电子资源: | ||
| ISBN: | 978-7-5655-1665-8 | |
| 000 | 00770nam0 2200241 450 | |
| 001 | 2434765399 | |
| 005 | 20241023094137.32 | |
| 010 | @a978-7-5655-1665-8@dCNY42.00 | |
| 100 | @a20241023d2016 km y0chiy0120 ea | |
| 101 | 0 | @achi |
| 102 | @aCN@b110000 | |
| 200 | 1 | @a粮油加工学@ALiang You Jia Gong Xue@f李新华, 董海洲主编@FLi Xin Hua,Dong Hai Zhou Zhu Bian |
| 205 | @a3版 | |
| 210 | @a北京@c中国农业大学出版社@d2016.10 | |
| 215 | @a313页@d20cm | |
| 300 | @a普通高等教育"十一五 " 国家级规划教材 普通高等教育农业部"十二五 " 规划教材 | |
| 606 | 0 | @a粮食加工@x食品工业 |
| 606 | 0 | @a粮食加工 |
| 690 | @aTS210.4@v4 | |
| 701 | 0 | @a李新华@ALi Xin Hua@4主编 |
| 701 | 0 | @a董海洲@ADong Hai Zhou@4主编 |
| 801 | 0 | @aCN@b河南城建学院图书馆@c20241023 |
| 905 | @dTS210.4@eL302=3 | |
| 粮油加工学/李新华, 董海洲主编.-3版.-北京:中国农业大学出版社,2016.10 |
| 313页;20cm |
| 普通高等教育"十一五 " 国家级规划教材 普通高等教育农业部"十二五 " 规划教材 |
| ISBN 978-7-5655-1665-8:CNY42.00 |
| ● |
| 相关链接 |
|
|
|
正题名:粮油加工学
索取号:TS210.4/L302=3
 
预约/预借
| 序号 | 登录号 | 条形码 | 馆藏地/架位号 | 状态 | 备注 |
| 1 | 1553108 | 215531084 | 自科库501/501自科库 72排1列3层/ [索取号:TS210.4/L302=3] | 在馆 |